Statistics for Duck noises in different languages

Click here to take the quiz!

General Stats

  • This quiz has been taken 23 times
  • The average score is 4 of 12

Answer Stats

LanguageNoise% Correct
PortugueseQuá quá
86%
ItalianQua qua
86%
EnglishQuack quack
79%
PolishKwa kwa
36%
SpanishCua cua
29%
FrenchCoin coin
21%
GermanQuak quak
14%
HungarianHáp háp
7%
ThaiKap kap
7%
RussianKrja krja
7%
SwedishKvack kvack
0%
TurkishVak vak
0%

Score Distribution

Percentile by Number Answered

Percent of People with Each Score

Your Score History

You have not taken this quiz